[Event "WC-2015-P-00008"]
[Site "LSS email"]
[Date "2015.01.19"]
[Round "?"]
[White "Bogomolov, Alexander"]
[Black "Mauro, Lucio"]
[Result "1/2-1/2"]
[WhiteElo "1973"]
[BlackElo "2175"]
[PlyCount "119"]
[EventDate "2015.01.25"]
[EventType "tourn (corr)"]
[EventRounds "12"]
[EventCountry "GER"]
[SourceTitle "Corr 2022"]
[Source "ChessBase"]
[SourceDate "2021.10.24"]
[SourceVersion "1"]
[SourceVersionDate "2021.10.24"]
[SourceQuality "1"]

1. e4 c5 2. Nf3 d6 3. d4 cxd4 4. Nxd4 Nf6 5. Nc3 a6 6. Be3 e5 7. Nb3 Be7 8. f3 Be6 9. Qd2 0-0 10. 0-0-0 Nbd7 11. a3 b5 12. g4 Nb6 13. Na5 Qc7 14. g5 Nh5 15. Kb1 g6 16. Nd5 Bxd5 17. exd5 Nxd5 18. Qxd5 Qxa5 19. Bd3 Qc7 20. Rhe1 Rab8 21. h4 Rfc8 22. c3 Qd7 23. Bc2 Qb7 24. Qxb7 Rxb7 25. Be4 Rbc7 26. Bd5 Kg7 27. Bb6 Rd7 28. Be3 Rb8 29. Rd2 f6 30. Red1 fxg5 31. hxg5 Nf4 32. Bc6 Rdd8 33. Rg1 Rf8 34. Be4 Rbd8 35. Bb6 Rde8 36. Be3 Rc8 37. Bb7 Rb8 38. Be4 Rfd8 39. Bc6 d5 40. Bxf4 exf4 41. Rxd5 Rb6 42. Rxd8 Bxd8 43. Bd5 Rd6 44. c4 a5 45. Kc2 bxc4 46. Bxc4 Rc6 47. Kc3 Rc5 48. b4 axb4+ 49. axb4 Re5 50. Kc2 Bxg5 51. b5 Bd8 52. Rd1 Bb6 53. Rd6 Bc5 54. Rc6 g5 55. b6 Bxb6 56. Rxb6 Re3 57. Bd5 h5 58. Rb4 g4 59. Rxf4 Re5 60. fxg4 1/2-1/2

[Event "WC-2015-P-00008"]
[Site "LSS email"]
[Date "2015.01.19"]
[Round "?"]
[White "Bogomolov, Alexander"]
[Black "Novikov, Evgeny"]
[Result "1-0"]
[WhiteElo "1973"]
[BlackElo "1819"]
[PlyCount "87"]
[EventDate "2015.01.25"]
[EventType "tourn (corr)"]
[EventRounds "12"]
[EventCountry "GER"]
[SourceTitle "Corr 2022"]
[Source "ChessBase"]
[SourceDate "2021.10.24"]
[SourceVersion "1"]
[SourceVersionDate "2021.10.24"]
[SourceQuality "1"]

1. e4 e5 2. Nf3 Nc6 3. Bb5 a6 4. Ba4 Nf6 5. 0-0 b5 6. Bb3 Bb7 7. Re1 Bd6 8. c3 0-0 9. d4 h6 10. Nbd2 Re8 11. Bc2 exd4 12. cxd4 Bf8 13. e5 Nd5 14. Be4 Nb6 15. a3 a5 16. Qe2 b4 17. Nf1 a4 18. Bd2 d5 19. Bb1 Nc4 20. Ne3 Ba6 21. Qd1 b3 22. Nxc4 Bxc4 23. Bf5 g6 24. Bh3 Bg7 25. g3 Kh7 26. Bc3 f6 27. Rc1 Qe7 28. Qd2 fxe5 29. Nxe5 Nxe5 30. dxe5 c5 31. f4 Ra7 32. Qf2 Rf8 33. Bd2 Rfa8 34. Qf3 Qf7 35. Bg4 Rb8 36. f5 gxf5 37. Bxf5+ Kg8 38. Qg4 h5 39. Qh3 Rb6 40. Bg5 Qe8 41. Qh4 Qf8 42. g4 Qf7 43. e6 Qe8 44. gxh5 1-0